Minecraft Characters - Sudden Death - Statistics

General Stats
  • This quiz has been taken 68 times
  • The average score is 3 of 9
Answers on the Grid
Answers color-coded by a green-red scale on the quiz's grid according to % correct below.
Clark
Alva
Ari
Gavi
Steve
Alex
Halo
Hollis
Mars
David
Milan
Efe
Kai
Makena
Ovi
Ori
Athens
Blake
Noor
Sunny
Calais
Zuri
 
Answer Stats
Answer % Correct
Alex
90%
Steve
88%
Kai
34%
Sunny
30%
Zuri
28%
Ari
22%
Noor
22%
Makena
18%
Efe
16%
No matching quizzes found
Score Distribution
Percent of People with Each Score
Percentile by Number Answered
Your Score History
You have not taken this quiz